120 Dramatic story sermons for children's church. (Record no. 3416)

000 -LEADER
fixed length control field 00645nam a2200193 a 4500
001 - CONTROL NUMBER
control field :::00001146$&:&@@
003 - CONTROL NUMBER IDENTIFIER
control field OkBaRHE
005 - DATE AND TIME OF LATEST TRANSACTION
control field 20000607103241.0
008 - FIXED-LENGTH DATA ELEMENTS--GENERAL INFORMATION
fixed length control field s1985 j 000 0 eng u
040 ## - CATALOGING SOURCE
Transcribing agency
100 1# - MAIN ENTRY--PERSONAL NAME
Personal name Radius, Marianne Catherine Vos.
245 10 - TITLE STATEMENT
Title 120 Dramatic story sermons for children's church.
260 ## - PUBLICATION, DISTRIBUTION, ETC. (IMPRINT)
Place of publication, distribution, etc Grand Rapids, MI., :
Name of publisher, distributor, etc Baker Book House
Date of publication, distribution, etc 1985
300 ## - PHYSICAL DESCRIPTION
Extent 368 p. ;
Dimensions 24 cm.
650 ## - SUBJECT ADDED ENTRY--TOPICAL TERM
Topical term or geographic name as entry element Bible Stories, English
General subdivision Old Testament
650 ## - SUBJECT ADDED ENTRY--TOPICAL TERM
Topical term or geographic name as entry element Children's Sermons
General subdivision Old Testament
942 ## - ADDED ENTRY ELEMENTS (KOHA)
Source of classification or shelving scheme
Koha item type Books
Copies
Date acquired Full call number Date last seen Lost status Price effective from Shelving location Copy number Withdrawn status Damaged status Barcode Source of classification or shelving scheme Koha item type Permanent Location Not for loan
2010-04-14BS 550.2 .R332018-02-16 2010-04-14General Stacks1  1146 BooksRHEMA Bible Training College